| 000 | 00650nam a22002417a 4500 | ||
|---|---|---|---|
| 005 | 20170124110045.0 | ||
| 010 | _a999157 | ||
| 020 | _c00.00 | ||
| 035 | _a999157 | ||
| 037 | _bCen Lib/Ret | ||
| 040 |
_aDPL _bEN |
||
| 082 |
_a880.92 _bROB |
||
| 100 |
_aRobert, Rudolph _924392 |
||
| 245 |
_aFamous authors in hertfordshire / _cby Rudolph Robert |
||
| 260 |
_aLetchworth _bHertfordshire countyside |
||
| 270 | _bLetchworth | ||
| 300 |
_a138p.: _c21cm(Hb) _bill. |
||
| 650 |
_aEnglish literature _924393 |
||
| 650 |
_aEnglish poetry _924394 |
||
| 700 | _924278 | ||
| 700 | _924373 | ||
| 942 |
_2ddc _cEN _h880.92 _mROB |
||
| 999 |
_c128770 _d128770 |
||